01378nam a2200253Ia 4500001000600000003000900006008004100015040001300056040001300069041001300082100001900095100002900114245001900143245001900162250001100181260002200192260004900214300005500263500065800318650002800976650003101004700003501035700005401070C7682IT-RoPAU130308s9999 xx 000 0 und d aIT-RoPAU cIT-RoPAU aITALIANO aBono Francesco gCodice Aut. SPICS: 26454 aAki Kaurismaki bAki Kaurismaki a1a ed. bComune Di Bergamo c1990 [1° Ed.:1990 - Ed.Ling.Originale:1990] a"80 p. (prefazione: no ; testo: 80 [pagine: 0-0])" aPersonale di Aki Kaurismaki con contributi dei tre Autori: Eroi senza Valore, Sul Cinema finlandese degli Anni 80 di Francesco Bono. proletari in Cadillac di Bruno Fornara. l'economia della solitudine di Angelo Signorelli. Lunga Conversazione con Il Regista, raccolta da Bruno Fornara e Francesco Bono a Berlino nel Febbraio 1990. Filmografia di Aki Kaurismaki: la sindrome del Lago Saimaa, Delitto e Castigo, Calamari Union, Rocky Vi, Ombre in Paradiso, Amleto si Mette in Affari. Thru The Wire, Ariel, Leningrad Cowboys Goamerica, la Ragazza della fabbrica di Fiammiferi, le mani Sporche, ho Assoldato un Killer. Altri in progetto o in Collaborazione. aAUTORI/OPERE DEL CINEMA eCodice materia Spics: 6807 aFornara BrunoSignorelli Angelo gCodice Aut. SPICS: 20630Codice Aut. SPICS: 20747